000 00957cam a2200277 a 4500
008
020 _a0072962097 (pbk.)
049 _aMAIN
090 _aPE1408
_bMAI
100 1 _aMaimon, Elaine P.
245 1 2 _aA writer's resource :
_ba handbook for writing and research /
_cElaine P. Maimon, Janice H. Peritz, Kathleen Blake Yancey.
250 _a2nd ed.
260 _aBoston. :
_bMcGraw-Hill,
_cc2009.
300 _axx, 635, [67] p. :
_bill. (some col.), + col. map ;
_c22 cm.
500 _aIncludes index.
650 0 _aEnglish language
_xRhetoric
_vHandbooks, manuals, etc.
650 0 _aEnglish language
_xGrammar
_vHandbooks, manuals, etc.
650 0 _aReport writing
_vHandbooks, manuals, etc.
700 1 _aPeritz, Janice.
700 1 _aYancey, Kathleen Blake.
907 _a.b10293292
_b28-11-14
_c15-03-11
003
005 20230123125304.0
040 _cNUST
942 _cBOOKS
_kPE1408
_mMAI
999 _c138945
_d138945